| 000 -LEADER |
| fixed length control field |
00516nam a22001817a 4500 |
| 008 - FIXED-LENGTH DATA ELEMENTS--GENERAL INFORMATION |
| fixed length control field |
150518b xxu||||| |||| 00| 0 eng d |
| 020 ## - INTERNATIONAL STANDARD BOOK NUMBER |
| International Standard Book Number |
9780073376844 |
| 041 0# - LANGUAGE CODE |
| Language code of text/sound track or separate title |
eng |
| 080 ## - UNIVERSAL DECIMAL CLASSIFICATION NUMBER |
| Universal Decimal Classification number |
658 |
| 100 ## - Rafti |
| Rafti |
Baltzan, Paige. |
| 245 10 - TITLE STATEMENT |
| Title |
Business driven technology / |
| 250 ## - |
| -- |
5th ed. |
| 260 ## - |
| -- |
New York : |
| -- |
McGraw-Hill/Irwin, |
| -- |
c2013. |
| 300 ## - |
| -- |
498, [69] f. : |
| -- |
Me il. : |
| -- |
29 cm. |
| 650 #0 - |
| -- |
Teknologjia e Informacionit |
| -- |
Management. |
| 650 #0 - |
| -- |
Menagjimi i sistemeve të informacionit |
| 942 ## - ADDED ENTRY ELEMENTS (KOHA) |
| Source of classification or shelving scheme |
|
| Item type |
Books |